| 000 | 00612nam a2200181 a 4500 | ||
|---|---|---|---|
| 001 | 000030116 | ||
| 003 | DO-SdBNP | ||
| 005 | 20250925101038.0 | ||
| 008 | 110429s1997 dr a 000 0 spa d | ||
| 040 |
_aDO-SdBNP _bspa _cBNPHU |
||
| 082 |
_axxx _bB213i |
||
| 110 | 2 |
_aBanco Central de la República Dominicana _983405 |
|
| 245 | 1 | 0 | _aInforme sobre la situación de liquidez de la economía dominicana. |
| 260 |
_aSanto Domingo : _bBanco Central de la República Dominicana, _c1997. |
||
| 300 |
_a10 p. : _bil. ; _c27 cm. |
||
| 651 | 0 |
_aRepública Dominicana _xCondiciones económicas _978065 |
|
| 942 |
_2ddc _cLBS1 |
||
| 999 |
_c29608 _d29608 |
||